The USA States without a map - Statistics

General Stats
  • This quiz has been taken 6,947 times
  • The average score is 36 of 50
Answer Stats
Number State % Correct
5. California
92%
1. Alabama
90%
32. New York
88%
2. Alaska
86%
9. Florida
85%
3. Arizona
84%
43. Texas
83%
47. Washington
83%
34. North Dakota
81%
4. Arkansas
80%
33. North Carolina
80%
10. Georgia
79%
31. New Mexico
79%
41. South Dakota
79%
40. South Carolina
78%
6. Colorado
77%
11. Hawaii
77%
19. Maine
77%
12. Idaho
76%
37. Oregon
76%
35. Ohio
74%
16. Kansas
73%
28. Nevada
73%
30. New Jersey
73%
26. Montana
72%
46. Virginia
72%
13. Illinois
71%
22. Michigan
71%
29. New Hampshire
71%
8. Delaware
70%
15. Iowa
70%
14. Indiana
69%
17. Kentucky
69%
24. Mississippi
68%
48. West Virginia
68%
50. Wyoming
68%
44. Utah
67%
45. Vermont
67%
18. Louisiana
66%
20. Maryland
66%
27. Nebraska
64%
7. Connecticut
63%
23. Minnesota
63%
25. Missouri
63%
36. Oklahoma
63%
39. Rhode Island
63%
49. Wisconsin
62%
42. Tennessee
61%
38. Pennsylvania
59%
21. Massachusetts
57%
No matching quizzes found
Score Distribution
Percent of People with Each Score
Percentile by Number Answered
Your Score History
You have not taken this quiz